000 00630nam a2200229Ia 4500
003 OSt
005 20221007072030.0
006 a|||||r|||| 00| 0
007 ta
008 221006b |||||||| |||| 00| 0 eng d
024 _a13,044
037 _cTextual
040 _aFLL
_cFLL
_beng
041 _2eng
_aeng
082 _aV5:2:N2, F9
100 _aHeadlam-Morley Agnes
_9689941
245 0 _aNew democratic constitutions of Europe
260 _aLondon
_bOxford University Press London
_c1929
300 _a298p
_ccm.
942 _hV5:2:N2, F9
_cTEXL
_2CC
999 _c1145036
_d1145036